[Event "GRE-chT Online Rapid op 1st"]
[Site "Tornelo INT"]
[Date "2021.02.21"]
[Round "6.7"]
[White "Mihok, Oliver"]
[Black "Parginos, Vassilios"]
[Result "1-0"]
[WhiteElo "2540"]
[BlackElo "2103"]
[PlyCount "65"]
[EventDate "2021.02.20"]
[EventType "team-swiss (rapid)"]
[EventRounds "9"]
[EventCountry "GRE"]
[SourceTitle "EXT 2023"]
[Source "ChessBase"]
[SourceDate "2022.10.05"]
[SourceVersion "1"]
[SourceVersionDate "2022.10.05"]
[SourceQuality "1"]

1. e4 c5 2. Nf3 Nc6 3. Nc3 e6 4. d4 cxd4 5. Nxd4 a6 6. Be3 d6 7. f4 Nf6 8. Qf3 Be7 9. 0-0-0 0-0 10. Be2 Bd7 11. g4 Nxd4 12. Bxd4 e5 13. fxe5 Bxg4 14. Qg3 dxe5 15. Bxe5 Qa5 16. Bxf6 Bxf6 17. Rd5 b5 18. Bxg4 Bxc3 19. Qxc3 Qxa2 20. b3 Qa3+ 21. Kb1 Qe7 22. Rg1 g6 23. e5 b4 24. Qc5 Qh4 25. e6 f5 26. e7 Rfe8 27. Bxf5 Rxe7 28. Rdd1 Rae8 29. Bd3 Re5 30. Bc4+ Kg7 31. Qxb4 Qxh2 32. Rh1 Qg3 33. Rd7+ 1-0

[Event "GRE-chT Online Rapid op 1st"]
[Site "Tornelo INT"]
[Date "2021.02.21"]
[Round "5.6"]
[White "Parginos, Vassilios"]
[Black "Kourkoulos Arditis, Stamatis"]
[Result "0-1"]
[WhiteElo "2103"]
[BlackElo "2485"]
[PlyCount "90"]
[EventDate "2021.02.20"]
[EventType "team-swiss (rapid)"]
[EventRounds "9"]
[EventCountry "GRE"]
[SourceTitle "EXT 2023"]
[Source "ChessBase"]
[SourceDate "2022.10.05"]
[SourceVersion "1"]
[SourceVersionDate "2022.10.05"]
[SourceQuality "1"]

1. d4 Nf6 2. c4 c5 3. d5 b5 4. Nd2 bxc4 5. e4 d6 6. Bxc4 g6 7. b3 Bg7 8. Bb2 0-0 9. Qc2 Nbd7 10. Ngf3 Nb6 11. 0-0 a5 12. h3 a4 13. Rfe1 Nxc4 14. Nxc4 axb3 15. axb3 Rxa1 16. Rxa1 Bb7 17. Bc3 Re8 18. Qb2 e6 19. Nxd6 Qxd6 20. e5 Qxd5 21. exf6 Bf8 22. Be5 Rd8 23. Qc3 h6 24. Kh2 Qc6 25. Ra4 Qb5 26. Rc4 Bd5 27. Rg4 Qxb3 28. Qa5 Ra8 29. Qc7 Qb7 30. Qxb7 Bxb7 31. Ne1 Kh7 32. Nd3 Ra3 33. Rg3 c4 34. Nb2 Bd5 35. Rxa3 Bxa3 36. Nd1 g5 37. Nc3 Kg6 38. g4 Bb4 39. Kg3 Ba5 40. f4 gxf4+ 41. Kxf4 Bd8 42. h4 Bxf6 43. h5+ Kg7 44. Ne2 Bxe5+ 45. Kxe5 Bf3 0-1

[Event "Istanbul op-A 12th"]
[Site "Istanbul"]
[Date "2013.10.16"]
[Round "6"]
[White "Onur, Cem"]
[Black "Parginos, Vassilios"]
[Result "0-1"]
[WhiteElo "1511"]
[BlackElo "2129"]
[PlyCount "90"]
[EventDate "2013.10.12"]
[EventType "swiss"]
[EventRounds "9"]
[EventCountry "TUR"]
[SourceTitle "EXT 2014"]
[Source "ChessBase"]
[SourceDate "2013.11.20"]
[SourceVersion "1"]
[SourceVersionDate "2013.11.20"]
[SourceQuality "1"]

1. e4 c6 2. d4 d5 3. exd5 cxd5 4. Bd3 Nf6 5. c3 Nc6 6. Bf4 Bg4 7. Qb3 Qc8 8. Nd2 e6 9. Ngf3 Be7 10. Ne5 Bh5 11. Ndf3 0-0 12. 0-0 a6 13. Rac1 b5 14. Bb1 Na5 15. Qc2 Ne4 16. Nd2 f5 17. f3 Nxd2 18. Bxd2 Nc4 19. Nxc4 Qxc4 20. Rce1 Bf7 21. g4 Bh4 22. Re5 Bf6 23. Ree1 Bg6 24. g5 f4 25. Qc1 Bxb1 26. Qxb1 Bxg5 27. Rxe6 b4 28. Rb6 a5 29. Re1 Rae8 30. Ree6 Rxe6 31. Rxe6 Bh4 32. Re5 Bf6 33. Re1 Bxd4+ 34. Kg2 bxc3 35. bxc3 Bxc3 36. Bxc3 Qxc3 37. Rd1 Qc4 38. Qd3 Qxa2+ 39. Rd2 Qc4 40. Qxd5+ Qxd5 41. Rxd5 Ra8 42. Rd3 a4 43. Ra3 Kf7 44. h4 Ke6 45. Kh3 h5 0-1

[Event "Istanbul op-A 12th"]
[Site "Istanbul"]
[Date "2013.10.14"]
[Round "4"]
[White "Annaberdiev, Meilis"]
[Black "Parginos, Vassilios"]
[Result "1-0"]
[WhiteElo "2431"]
[BlackElo "2129"]
[PlyCount "49"]
[EventDate "2013.10.12"]
[EventType "swiss"]
[EventRounds "9"]
[EventCountry "TUR"]
[SourceTitle "EXT 2014"]
[Source "ChessBase"]
[SourceDate "2013.11.20"]
[SourceVersion "1"]
[SourceVersionDate "2013.11.20"]
[SourceQuality "1"]

1. e4 c5 2. Nf3 Nc6 3. Bb5 e6 4. 0-0 Nge7 5. c3 Ng6 6. d4 d5 7. exd5 exd5 8. Re1+ Be7 9. dxc5 0-0 10. Be3 Bg4 11. h3 Be6 12. Nbd2 Qc7 13. Nb3 Nf4 14. Bf1 Kh8 15. Qd2 g5 16. Nfd4 Nd8 17. Nb5 Qb8 18. Bd4+ f6 19. g3 a6 20. Nd6 Bxd6 21. cxd6 Nxh3+ 22. Kh2 Qc8 23. Bxh3 Bxh3 24. Qxg5 Qf5 25. Qh6 1-0

[Event "GRE-chT 40th"]
[Site "Achaia"]
[Date "2012.07.04"]
[Round "6.11"]
[White "Soukos, Konstantinos"]
[Black "Parginos, Vassilios"]
[Result "0-1"]
[WhiteElo "2121"]
[BlackElo "2174"]
[PlyCount "78"]
[EventDate "2012.06.30"]
[EventType "team-swiss"]
[EventRounds "7"]
[EventCountry "GRE"]
[SourceTitle "CBM 149 Extra"]
[Source "ChessBase"]
[SourceDate "2012.08.24"]
[SourceVersion "1"]
[SourceVersionDate "2012.08.24"]
[SourceQuality "1"]
[WhiteTeam "Elefsinas STM"]
[BlackTeam "Heraklion DAA"]
[WhiteTeamCountry "GRE"]
[BlackTeamCountry "GRE"]

1. Nf3 d5 2. b3 c5 3. Bb2 Nc6 4. e3 f6 5. d4 Bg4 6. Be2 Qd7 7. 0-0 Nh6 8. c4 e6 9. cxd5 exd5 10. Nc3 cxd4 11. Nxd4 Bxe2 12. Ndxe2 0-0-0 13. Rc1 Kb8 14. Qd3 Bd6 15. Rfd1 Qf7 16. Nb5 Be5 17. Ned4 Qh5 18. h3 Rc8 19. Ba3 Rhd8 20. Nxc6+ bxc6 21. Nd4 Bxd4 22. Qxd4 Qe2 23. Qa4 Qb5 24. Qxb5+ cxb5 25. Bc5 Nf7 26. Kf1 Kb7 27. Ke2 Ng5 28. Bd4 Ne6 29. Kd3 a6 30. a4 Rxc1 31. Rxc1 Rc8 32. Ra1 Nxd4 33. exd4 b4 34. Kd2 Rc3 35. Rc1 Rxb3 36. Rc5 Rb2+ 37. Ke3 b3 38. Rc3 Kb6 39. g4 Ka5 0-1

[Event "GRE-chT 40th"]
[Site "Achaia"]
[Date "2012.07.02"]
[Round "4.9"]
[White "Parginos, Vassilios"]
[Black "Sidiropoulos, Nikolaos"]
[Result "1-0"]
[WhiteElo "2174"]
[BlackElo "2058"]
[PlyCount "62"]
[EventDate "2012.06.30"]
[EventType "team-swiss"]
[EventRounds "7"]
[EventCountry "GRE"]
[SourceTitle "CBM 149 Extra"]
[Source "ChessBase"]
[SourceDate "2012.08.24"]
[SourceVersion "1"]
[SourceVersionDate "2012.08.24"]
[SourceQuality "1"]
[WhiteTeam "Heraklion DAA"]
[BlackTeam "Ptolemaida Ptolemaios"]
[WhiteTeamCountry "GRE"]
[BlackTeamCountry "GRE"]

1. d4 Nf6 2. c4 g6 3. Nc3 d5 4. cxd5 Nxd5 5. Bd2 Nb6 6. e3 Bg7 7. Nf3 0-0 8. Be2 Nc6 9. 0-0 e5 10. dxe5 Nxe5 11. Qc2 Be6 12. b3 Qe7 13. Rac1 c6 14. Nd4 Bd7 15. Ne4 Rad8 16. a3 Nd5 17. Bc4 Qh4 18. g3 Qh5 19. Be2 Ng4 20. h4 f5 21. Ng5 Bxd4 22. exd4 f4 23. Bf3 h6 24. Nh3 fxg3 25. fxg3 Rxf3 26. Rxf3 Bf5 27. Qd1 Be4 28. Rf1 g5 29. Qe2 Re8 30. Rce1 gxh4 31. Nf4 Nxf4 1-0

[Event "Nikaia op 19th"]
[Site "Nikaia"]
[Date "2011.08.30"]
[Round "6"]
[White "Parginos, Vassilios"]
[Black "Elmaloglou, Marianthi"]
[Result "1-0"]
[WhiteElo "2199"]
[BlackElo "1784"]
[PlyCount "45"]
[EventDate "2011.08.26"]
[EventType "swiss"]
[EventRounds "9"]
[EventCountry "GRE"]
[SourceTitle "CBM 144 Extra"]
[Source "ChessBase"]
[SourceDate "2011.10.28"]
[SourceVersion "1"]
[SourceVersionDate "2011.10.28"]
[SourceQuality "1"]

1. d4 Nf6 2. c4 g6 3. Nc3 Bg7 4. e4 d6 5. Nge2 0-0 6. Ng3 Nbd7 7. Be2 e5 8. d5 Nb6 9. h4 h5 10. Bg5 c6 11. Bxh5 Nxc4 12. Be2 cxd5 13. exd5 Qc7 14. Rc1 Nb6 15. Nce4 Qd8 16. h5 gxh5 17. Nxh5 Nbxd5 18. Nxg7 Kxg7 19. Bh6+ Kg8 20. Nxf6+ Nxf6 21. Bxf8 Qxf8 22. Rc3 Qe7 23. Rg3+ 1-0

[Event "Heraklion op 7th"]
[Site "Heraklion"]
[Date "2011.08.07"]
[Round "2"]
[White "Parginos, Vassilios"]
[Black "Kalogeris, Ioannis"]
[Result "1-0"]
[WhiteElo "2199"]
[BlackElo "1824"]
[PlyCount "83"]
[EventDate "2011.08.06"]
[EventType "swiss"]
[EventRounds "9"]
[EventCountry "GRE"]
[SourceTitle "CBM 144 Extra"]
[Source "ChessBase"]
[SourceDate "2011.10.28"]
[SourceVersion "1"]
[SourceVersionDate "2011.10.28"]
[SourceQuality "1"]

1. d4 Nf6 2. c4 e6 3. Nc3 Bb4 4. Qc2 b6 5. e4 Bb7 6. Bd3 Bxc3+ 7. bxc3 c5 8. Ne2 d6 9. 0-0 h6 10. f4 0-0 11. Rb1 Qc7 12. e5 Ne8 13. Ng3 Nd7 14. Qe2 Kh8 15. Qh5 f5 16. d5 dxe5 17. dxe6 Ndf6 18. Qxf5 e4 19. Be2 Nh7 20. Qh3 Nef6 21. Be3 Ng8 22. Rbd1 Rad8 23. Qh4 Nhf6 24. Nh5 Nxh5 25. Bxh5 Ba6 26. Be2 Ne7 27. g4 Ng6 28. Qg3 Kg8 29. Rxd8 Rxd8 30. g5 Kh7 31. h4 Rf8 32. Qg4 Qb7 33. Rd1 Qc6 34. gxh6 Rg8 35. Rd7 Bc8 36. h5 Bxd7 37. hxg6+ Kh8 38. exd7 gxh6 39. f5 Kg7 40. Qh4 Qxd7 41. Bxh6+ Kh8 42. Bf8+ 1-0

[Event "Aegean op 33rd"]
[Site "Aghios Kirykos"]
[Date "2010.07.21"]
[Round "9"]
[White "Parginos, Vassilios"]
[Black "Masouros, Panagiotis"]
[Result "1-0"]
[WhiteElo "2227"]
[BlackElo "1945"]
[PlyCount "61"]
[EventDate "2010.07.13"]
[EventType "swiss"]
[EventRounds "9"]
[EventCountry "GRE"]
[SourceTitle "CBM 137 Extra"]
[Source "ChessBase"]
[SourceDate "2010.09.01"]
[SourceVersion "1"]
[SourceVersionDate "2010.09.01"]
[SourceQuality "1"]

1. d4 Nf6 2. c4 c5 3. d5 e6 4. Nc3 exd5 5. cxd5 d6 6. e4 g6 7. f4 Bg7 8. Bb5+ Nfd7 9. a4 0-0 10. Nf3 Nf6 11. h3 a6 12. Bd3 Re8 13. 0-0 c4 14. Bc2 Nbd7 15. Be3 Qc7 16. Bd4 Nc5 17. Re1 Bd7 18. g4 h5 19. e5 dxe5 20. fxe5 hxg4 21. d6 Qc6 22. exf6 gxf3 23. fxg7 Bxh3 24. Bf2 Rxe1+ 25. Qxe1 Re8 26. Qd2 Qd7 27. Qf4 Ne6 28. Qh4 Nxg7 29. Nd5 Re6 30. Ne7+ Rxe7 31. dxe7 1-0

[Event "Aegean op 33rd"]
[Site "Aghios Kirykos"]
[Date "2010.07.15"]
[Round "4"]
[White "Parginos, Vassilios"]
[Black "Nikolaidis, Konstantinos"]
[Result "0-1"]
[WhiteElo "2227"]
[BlackElo "2290"]
[PlyCount "104"]
[EventDate "2010.07.13"]
[EventType "swiss"]
[EventRounds "9"]
[EventCountry "GRE"]
[SourceTitle "CBM 137 Extra"]
[Source "ChessBase"]
[SourceDate "2010.09.01"]
[SourceVersion "1"]
[SourceVersionDate "2010.09.01"]
[SourceQuality "1"]

1. d4 Nf6 2. c4 e6 3. Nc3 Bb4 4. Bg5 c5 5. d5 h6 6. Bh4 Bxc3+ 7. bxc3 d6 8. e3 e5 9. Qc2 Qe7 10. Nf3 Nbd7 11. Nd2 Kd8 12. Be2 g5 13. Bg3 Nf8 14. h4 Rg8 15. hxg5 hxg5 16. Rb1 Kc7 17. Qa4 Bf5 18. Qa5+ Kb8 19. Rb2 N8d7 20. Qb5 Nb6 21. Qb3 Bd7 22. Qc2 Kc7 23. Qb1 Rh8 24. Rf1 Nh5 25. Bd3 Ng7 26. Bc2 Rab8 27. e4 Nh5 28. Qd1 Nf4 29. Bxf4 exf4 30. a4 Qf6 31. Qa1 Rh2 32. a5 Nc8 33. Rg1 Ne7 34. Nf3 Rh5 35. Bd1 g4 36. e5 dxe5 37. Nd2 Bf5 38. Bxg4 Bxg4 39. Ne4 Qg6 40. d6+ Kc8 41. f3 Bxf3 42. dxe7 Qxe4+ 43. Kf2 Qe3+ 44. Kf1 Qd3+ 45. Kf2 Bc6 46. Re2 e4 47. a6 b6 48. Qc1 e3+ 49. Ke1 Kd7 50. g3 Bf3 51. Rb2 Rg8 52. Rc2 Rxg3 0-1

[Event "Athens Acropolis op-A 24th"]
[Site "Chalkida"]
[Date "2009.08.18"]
[Round "9.31"]
[White "Klinova, Masha"]
[Black "Parginos, Vassilios"]
[Result "1/2-1/2"]
[WhiteElo "2312"]
[BlackElo "2196"]
[PlyCount "81"]
[EventDate "2009.08.10"]
[EventType "swiss"]
[EventRounds "9"]
[EventCountry "GRE"]
[SourceTitle "CBM 131 Extra"]
[Source "ChessBase"]
[SourceDate "2009.09.03"]
[SourceVersion "2"]
[SourceVersionDate "2009.09.16"]
[SourceQuality "1"]

1. e4 c5 2. Nf3 Nc6 3. Bb5 e6 4. Bxc6 bxc6 5. 0-0 Ne7 6. Nc3 Ng6 7. d3 e5 8. Ne2 Be7 9. Ng3 d6 10. c3 0-0 11. d4 cxd4 12. cxd4 Bg4 13. Be3 Nh4 14. dxe5 Bxf3 15. gxf3 dxe5 16. Qxd8 Nxf3+ 17. Kg2 Nh4+ 18. Kh3 Rfxd8 19. Rac1 Rac8 20. Bxa7 Rd2 21. Rfd1 Rxb2 22. Rd7 Ng6 23. a4 Bb4 24. Be3 Ra2 25. Ra7 Bd2 26. Rb1 Bxe3 27. fxe3 Ra3 28. Nf5 Rd8 29. Rbb7 Rf8 30. Kg4 Ra2 31. Kg3 h5 32. h4 c5 33. Rc7 c4 34. a5 c3 35. Rxc3 Rd8 36. Ne7+ Nxe7 37. Rxe7 Rdd2 38. Rc8+ Kh7 39. Rxe5 Rg2+ 40. Kh3 Rh2+ 41. Kg3 1/2-1/2

[Event "Athens Acropolis op-A 24th"]
[Site "Chalkida"]
[Date "2009.08.17"]
[Round "8.34"]
[White "Parginos, Vassilios"]
[Black "Fakhiridou, Ekaterini"]
[Result "1/2-1/2"]
[WhiteElo "2196"]
[BlackElo "2277"]
[PlyCount "138"]
[EventDate "2009.08.10"]
[EventType "swiss"]
[EventRounds "9"]
[EventCountry "GRE"]
[SourceTitle "CBM 131 Extra"]
[Source "ChessBase"]
[SourceDate "2009.09.03"]
[SourceVersion "2"]
[SourceVersionDate "2009.09.16"]
[SourceQuality "1"]

1. d4 Nf6 2. c4 c5 3. d5 e5 4. Nc3 d6 5. e4 Be7 6. g3 0-0 7. Bg2 Ne8 8. Nge2 Nd7 9. 0-0 g6 10. Bh6 Ng7 11. Qd2 Nf6 12. h3 Kh8 13. Kh2 Ng8 14. Be3 f5 15. f4 exf4 16. Nxf4 Nf6 17. Rad1 Nxe4 18. Nxe4 fxe4 19. Bxe4 Nf5 20. Bxf5 Rxf5 21. g4 Rf6 22. b4 b6 23. Qc3 Kg8 24. Nd3 Rxf1 25. Rxf1 Bf8 26. Qd2 Bd7 27. Bg5 Qe8 28. Bf6 cxb4 29. Re1 Qf7 30. g5 Re8 31. Nxb4 Rc8 32. Qd4 a5 33. Nd3 Bf5 34. Nb2 Re8 35. Re3 Rxe3 36. Qxe3 Qc7 37. Bd4 Qd7 38. a4 Bg7 39. Bxg7 Kxg7 40. h4 Qc7 41. Qd4+ Kg8 42. Qe3 Qd8 43. Kg3 Bd7 44. h5 gxh5 45. Nd3 Bf5 46. Kh4 h6 47. Kxh5 Qxg5+ 48. Qxg5+ hxg5 49. Nf2 Bc2 50. Kxg5 Bxa4 51. Ne4 Bb3 52. Nxd6 a4 53. Nb5 Bxc4 54. Na3 Bxd5 55. Kf6 Bb3 56. Ke5 Kf7 57. Kd6 Kf6 58. Kc6 Ke5 59. Kxb6 Kd4 60. Kb5 Kc3 61. Ka5 Bd1 62. Nb5+ Kb3 63. Nd4+ Ka2 64. Nb5 Kb2 65. Kb4 Bb3 66. Na3 Ka2 67. Nb5 Kb2 68. Na3 Ka2 69. Nb5 Kb2 1/2-1/2

[Event "Athens Acropolis op-A 24th"]
[Site "Chalkida"]
[Date "2009.08.11"]
[Round "2"]
[White "Parginos, Vassilios"]
[Black "Botsari, Anna Maria"]
[Result "1-0"]
[WhiteElo "2196"]
[BlackElo "2298"]
[PlyCount "51"]
[EventDate "2009.08.10"]
[EventType "swiss"]
[EventRounds "9"]
[EventCountry "GRE"]
[SourceTitle "CBM 131 Extra"]
[Source "ChessBase"]
[SourceDate "2009.09.03"]
[SourceVersion "2"]
[SourceVersionDate "2009.09.16"]
[SourceQuality "1"]

1. d4 Nf6 2. c4 e6 3. Nc3 Bb4 4. Bg5 h6 5. Bh4 c5 6. d5 b5 7. e3 bxc4 8. Bxc4 Bb7 9. Nge2 g5 10. Bg3 Nxd5 11. 0-0 Nb6 12. Bd3 c4 13. Bc2 d5 14. Nb5 Na6 15. Ned4 Qe7 16. f4 Nd7 17. f5 e5 18. f6 Qc5 19. a3 Ba5 20. Nf5 Bc7 21. Ba4 Qb6 22. b4 Rd8 23. Qh5 Bb8 24. Nxh6 Qe6 25. Qxg5 Bc6 26. Nf5 1-0

[Event "GRE-chT 37th"]
[Site "Kallithea"]
[Date "2009.07.06"]
[Round "6"]
[White "Pavlidis, Anastasios"]
[Black "Parginos, Vassilios"]
[Result "1-0"]
[WhiteElo "2348"]
[BlackElo "2196"]
[PlyCount "125"]
[EventDate "2009.07.03"]
[EventType "team-tourn"]
[EventRounds "9"]
[EventCountry "GRE"]
[SourceTitle "CBM 131 Extra"]
[Source "ChessBase"]
[SourceDate "2009.09.03"]
[SourceVersion "2"]
[SourceVersionDate "2009.09.16"]
[SourceQuality "1"]

1. d4 Nf6 2. c4 e5 3. dxe5 Ng4 4. Bf4 g5 5. Bg3 Bg7 6. Nf3 Nc6 7. h4 Ngxe5 8. Nxe5 Nxe5 9. Qb3 g4 10. h5 h6 11. Nc3 c6 12. e3 Qa5 13. Be2 d6 14. Rd1 Be6 15. Rxd6 b5 16. Rxe6+ fxe6 17. cxb5 Kf7 18. Bxe5 Bxe5 19. Bxg4 Rhe8 20. Rh3 Bxc3+ 21. bxc3 Qxb5 22. Rf3+ Kg7 23. Qc2 Qg5 24. Qe4 Rab8 25. Rg3 Kh8 26. Bd1 Qf5 27. Qd4+ e5 28. Qd6 Qe6 29. Rg6 Qxd6 30. Rxd6 Rb1 31. Rxh6+ Kg7 32. Rd6 Reb8 33. g4 R8b5 34. h6+ Kh7 35. Kd2 e4 36. Bc2 R5b2 37. g5 Rf1 38. Rd7+ Kg6 39. Rg7+ Kf5 40. Rf7+ Kxg5 41. h7 Rh1 42. c4 Rxa2 43. Kc3 Rxc2+ 44. Kxc2 a5 45. c5 Kg6 46. Rc7 Kf5 47. Kc3 Ke5 48. Rd7 Ke6 49. Rg7 Kf6 50. Rc7 Ke5 51. Rxc6 Rxh7 52. Kc4 Rh1 53. Rc8 Rc1+ 54. Kb5 Rb1+ 55. Kc6 a4 56. Re8+ Kf5 57. Ra8 Rb4 58. Kd6 Kg4 59. c6 Kf3 60. c7 Rc4 61. c8Q Rxc8 62. Rxc8 Kxf2 63. Rc3 1-0

[Event "GRE-chT 37th"]
[Site "Kallithea"]
[Date "2009.07.05"]
[Round "5"]
[White "Parginos, Vassilios"]
[Black "Goumas, Georgios"]
[Result "1-0"]
[WhiteElo "2196"]
[BlackElo "2315"]
[PlyCount "93"]
[EventDate "2009.07.03"]
[EventType "team-tourn"]
[EventRounds "9"]
[EventCountry "GRE"]
[SourceTitle "CBM 131 Extra"]
[Source "ChessBase"]
[SourceDate "2009.09.03"]
[SourceVersion "2"]
[SourceVersionDate "2009.09.16"]
[SourceQuality "1"]

1. d4 Nf6 2. c4 e6 3. Nc3 Bb4 4. Bg5 c5 5. d5 h6 6. Bh4 d6 7. e3 0-0 8. Nf3 exd5 9. cxd5 Nbd7 10. Be2 Qa5 11. 0-0 Bxc3 12. bxc3 Qxc3 13. Nd2 Nb6 14. Bg3 Rd8 15. Rc1 Qa3 16. e4 Qxa2 17. Ra1 Qb2 18. f4 Ng4 19. Bxg4 Bxg4 20. Qxg4 Qxd2 21. f5 Nc4 22. f6 Qg5 23. Qh3 Re8 24. Rae1 g6 25. Rf4 Ne5 26. Ref1 h5 27. Bh4 Qh6 28. Be1 g5 29. Rf5 g4 30. Qc3 Ng6 31. Bd2 Qh7 32. Rg5 Re5 33. Rff5 Rae8 34. Bf4 Rxe4 35. Rxh5 Rxf4 36. Rxh7 Rxf5 37. Rg7+ Kf8 38. h3 gxh3 39. Qxh3 Rxf6 40. Rh7 b5 41. Qd7 b4 42. Qxa7 b3 43. Qa1 Rf4 44. Qg7+ Ke7 45. Qxg6 b2 46. Qe6+ Kf8 47. Rh8+ 1-0

[Event "Athens Acropolis op"]
[Site "Athens"]
[Date "2007.08.20"]
[Round "7.36"]
[White "Parginos, Vassilios"]
[Black "Iordanidou, Zoi"]
[Result "1-0"]
[WhiteElo "2226"]
[BlackElo "2005"]
[PlyCount "59"]
[EventDate "2007.08.14"]
[EventType "swiss"]
[EventRounds "9"]
[EventCountry "GRE"]
[SourceTitle "CBM 119 Extra"]
[Source "ChessBase"]
[SourceDate "2007.09.04"]
[SourceVersion "1"]
[SourceVersionDate "2007.09.04"]
[SourceQuality "1"]

1. d4 Nf6 2. c4 c5 3. d5 b5 4. Bg5 Ne4 5. Bf4 d6 6. Nd2 Nxd2 7. Bxd2 b4 8. e4 g6 9. h4 h5 10. Qc2 Bg7 11. Nf3 Nd7 12. Be2 a5 13. a4 Nb6 14. Rd1 b3 15. Qxb3 Bd7 16. Ra1 0-0 17. Bd1 e6 18. 0-0 exd5 19. exd5 Re8 20. Re1 Rxe1+ 21. Bxe1 Nc8 22. Bc3 Ne7 23. Bxg7 Kxg7 24. Bc2 Nf5 25. Bxf5 Bxf5 26. Re1 Kg8 27. Qe3 Rb8 28. b3 Bc2 29. Qc3 Bxb3 30. Ng5 1-0

[Event "Athens Acropolis op"]
[Site "Athens"]
[Date "2007.08.18"]
[Round "5.35"]
[White "Parginos, Vassilios"]
[Black "Petraki, Maria"]
[Result "0-1"]
[WhiteElo "2226"]
[BlackElo "2069"]
[PlyCount "96"]
[EventDate "2007.08.14"]
[EventType "swiss"]
[EventRounds "9"]
[EventCountry "GRE"]
[SourceTitle "CBM 119 Extra"]
[Source "ChessBase"]
[SourceDate "2007.09.04"]
[SourceVersion "1"]
[SourceVersionDate "2007.09.04"]
[SourceQuality "1"]

1. d4 Nf6 2. c4 g6 3. Nc3 d5 4. cxd5 Nxd5 5. e4 Nxc3 6. bxc3 Bg7 7. Nf3 0-0 8. Be2 c5 9. Rb1 b6 10. 0-0 Bb7 11. e5 cxd4 12. cxd4 Qd7 13. a4 Rd8 14. Be3 Be4 15. Rc1 Bc6 16. Qd2 Bxa4 17. Bh6 Bb5 18. e6 fxe6 19. Bxg7 Bxe2 20. Qxe2 Kxg7 21. Ng5 Nc6 22. Rxc6 Qxc6 23. Qe5+ Kg8 24. Nxe6 Kf7 25. Re1 Qd6 26. Qg7+ Ke8 27. Nf8 Rac8 28. g3 Rc6 29. Qg8 Rdc8 30. d5 Rc1 31. Rxc1 Rxc1+ 32. Kg2 Rc8 33. h4 a5 34. h5 gxh5 35. Kh2 h4 36. Ne6+ Kd7 37. Qg4 hxg3+ 38. fxg3 Qe5 39. Nc5+ Kd6 40. Qxc8 Qh5+ 41. Kg1 Qd1+ 42. Kg2 Qc2+ 43. Kf3 Qxc5 44. Qe6+ Kc7 45. Qe5+ Qd6 46. Qe4 h6 47. Qc4+ Kb7 48. Qb5 e6 0-1

[Event "Athens Acropolis op"]
[Site "Athens"]
[Date "2007.08.17"]
[Round "4.39"]
[White "Stefanidi, Maria Anna"]
[Black "Parginos, Vassilios"]
[Result "1/2-1/2"]
[WhiteElo "2092"]
[BlackElo "2226"]
[PlyCount "31"]
[EventDate "2007.08.14"]
[EventType "swiss"]
[EventRounds "9"]
[EventCountry "GRE"]
[SourceTitle "CBM 119 Extra"]
[Source "ChessBase"]
[SourceDate "2007.09.04"]
[SourceVersion "1"]
[SourceVersionDate "2007.09.04"]
[SourceQuality "1"]

1. e4 c5 2. Nf3 Nc6 3. d4 cxd4 4. Nxd4 Nf6 5. Nc3 e5 6. Nde2 Bc5 7. Ng3 Qb6 8. Qd2 Ng4 9. Nd1 0-0 10. Bd3 f5 11. Bc4+ Kh8 12. exf5 Nxf2 13. Nxf2 Bxf2+ 14. Qxf2 Qb4+ 15. c3 Qxc4 16. Bg5 1/2-1/2

[Event "Athens Acropolis op"]
[Site "Athens"]
[Date "2007.08.15"]
[Round "2.26"]
[White "Malakhatko, Vadim"]
[Black "Parginos, Vassilios"]
[Result "1-0"]
[WhiteElo "2596"]
[BlackElo "2226"]
[PlyCount "37"]
[EventDate "2007.08.14"]
[EventType "swiss"]
[EventRounds "9"]
[EventCountry "GRE"]
[SourceTitle "CBM 119 Extra"]
[Source "ChessBase"]
[SourceDate "2007.09.04"]
[SourceVersion "1"]
[SourceVersionDate "2007.09.04"]
[SourceQuality "1"]

1. d4 d5 2. c4 e6 3. Nc3 c5 4. cxd5 cxd4 5. Qa4+ Bd7 6. Qxd4 exd5 7. Qxd5 Nf6 8. Qb3 Nc6 9. Nf3 Bc5 10. Bg5 h6 11. Bxf6 Qxf6 12. Ne4 Qe7 13. Nxc5 Qxc5 14. e3 Qa5+ 15. Qc3 Nb4 16. Nd4 Rc8 17. Qd2 Ba4 18. b3 0-0 19. a3 1-0

[Event "Athens Acropolis op"]
[Site "Athens"]
[Date "2006.08.20"]
[Round "8"]
[White "Kakadelis, Stratos"]
[Black "Parginos, Vassilios"]
[Result "1/2-1/2"]
[WhiteElo "2157"]
[BlackElo "2177"]
[PlyCount "78"]
[EventDate "2006.08.13"]
[EventType "swiss"]
[EventRounds "9"]
[EventCountry "GRE"]
[SourceTitle "CBM 113 Extra"]
[Source "ChessBase"]
[SourceDate "2006.09.14"]
[SourceVersion "1"]
[SourceVersionDate "2006.09.14"]
[SourceQuality "1"]

1. d4 d5 2. c4 e6 3. Nc3 c5 4. cxd5 cxd4 5. Qa4+ Bd7 6. Qxd4 exd5 7. Nf3 Nc6 8. Qxd5 Nf6 9. Qd1 Bc5 10. e3 Qe7 11. Be2 0-0-0 12. 0-0 g5 13. Nd4 h5 14. a3 Ng4 15. b4 Bd6 16. h3 Nf6 17. Qc2 Nxd4 18. exd4 Kb8 19. Bxg5 Rdg8 20. h4 Rxg5 21. hxg5 Ng4 22. Ne4 Rc8 23. Qd3 Bf5 24. Bf3 Re8 25. Rae1 Bh2+ 26. Kh1 Bf4 27. Qb5 Bd7 28. Qc5 Qe6 29. d5 Qf5 30. Nd6 Rxe1 31. Rxe1 Nxf2+ 32. Kg1 Nh3+ 33. Kf1 Qd3+ 34. Be2 Qg3 35. Ne4 Qh2 36. Bf3 Bb5+ 37. Qxb5 Qg1+ 38. Ke2 Qe3+ 39. Kd1 Qc1+ 1/2-1/2

[Event "Athens Acropolis op"]
[Site "Athens"]
[Date "2006.08.19"]
[Round "7"]
[White "Pountzas, Hrisanthos"]
[Black "Parginos, Vassilios"]
[Result "1-0"]
[WhiteElo "2262"]
[BlackElo "2177"]
[PlyCount "77"]
[EventDate "2006.08.13"]
[EventType "swiss"]
[EventRounds "9"]
[EventCountry "GRE"]
[SourceTitle "CBM 113 Extra"]
[Source "ChessBase"]
[SourceDate "2006.09.14"]
[SourceVersion "1"]
[SourceVersionDate "2006.09.14"]
[SourceQuality "1"]

1. c4 e6 2. Nf3 d5 3. b3 Nf6 4. g3 Bd6 5. Bb2 Nbd7 6. d4 c5 7. cxd5 exd5 8. Bg2 0-0 9. 0-0 Re8 10. Nc3 cxd4 11. Nxd4 Nb6 12. Qd3 Bg4 13. a4 a5 14. e3 Qd7 15. Qb5 Ra6 16. Rfc1 Be5 17. Qxd7 Bxd7 18. Rd1 Bc6 19. Bf1 Raa8 20. Rac1 Bd7 21. Ncb5 Rac8 22. Bc3 Ra8 23. f3 h5 24. Kf2 g5 25. Bd3 g4 26. f4 Bb8 27. Nf5 Ne4+ 28. Bxe4 Rxe4 29. Nfd4 Nc8 30. Bb2 Ne7 31. Ba3 Ra6 32. Nc3 Bd6 33. Bxd6 Rxd6 34. Nxe4 dxe4 35. Nb5 Rxd1 36. Rxd1 Be6 37. Rd8+ Kg7 38. Nd4 Nc6 39. Nxe6+ 1-0